[Event "Bunratty Masters 2009"]
[Site "Bunratty IRL"]
[Date "2009.02.21"]
[Round "3"]
[White "Short, Philip"]
[Black "Keogh, Eamon"]
[Result "1-0"]
[WhiteTitle "FM"]
[BlackTitle "NM"]
[WhiteElo "2309"]
[BlackElo "2092"]
[BlackICU "2025"]
[BlackClub "Kilkenny"]
[WhiteNationality "IRL"]
[BlackNationality "IRL"]
[WhiteFideId "2500086"]
[BlackFideId "2500264"]
[PlyCount "89"]
[EventDate "2009.02.20"]
[Source "TWIC 746"]

{ Event information: <a
href="http://www.irlchess.com/bunratty2009_allfiles/pairings_bunratty2009.html">Tournament
report</a>. }

1. d4 d5 2. Nf3 c6 3. c4 g6 4. Nc3 Nf6 5. Bf4 Bg7 6. e3 O-O 7. Bd3 Nbd7 8.
O-O dxc4 9. Bxc4 Nh5 10. Bg5 Nb6 11. Bb3 h6 12. Bh4 Nd5 13. Ne5 Nhf6 14.
Qe2 g5 15. Bg3 Bf5 16. f3 Nh5 17. Nxd5 Nxg3 18. hxg3 Bxe5 19. dxe5 cxd5 20.
Rad1 e6 21. g4 Bh7 22. Kh2 Qa5 23. f4 Rac8 24. Qf2 Qc7 25. Qg3 f6 26. exf6
Rxf6 27. f5 exf5 28. Qxc7 Rxc7 29. Rxd5 Kg7 30. gxf5 Re7 31. e4 Bg8 32. Rd4
Bxb3 33. axb3 Rb6 34. Rf3 g4 35. Rc3 Kf6 36. Kg3 Kg5 37. Kf2 Re5 38. Ke3
Reb5 39. Rd8 Rxb3 40. Rg8+ Kh5 41. Kf4 Rxb2 42. Rxg4 Rf2+ 43. Rf3 Rxf3+ 44.
gxf3 a5 45. Rg1 1-0

[Event "Bunratty Masters 2009"]
[Site "Bunratty IRL"]
[Date "2009.02.21"]
[Round "3"]
[White "Sreeves, Clement"]
[Black "Osborne, Sam"]
[Result "1/2-1/2"]
[WhiteElo "1982"]
[BlackElo "2020"]
[BlackICU "2055"]
[WhiteNationality "SCO"]
[BlackNationality "IRL"]
[WhiteFideId "2402564"]
[BlackFideId "2501791"]
[PlyCount "78"]
[EventDate "2009.02.20"]
[Source "TWIC 746"]

{ Event information: <a
href="http://www.irlchess.com/bunratty2009_allfiles/pairings_bunratty2009.html">Tournament
report</a>. }

1. Nf3 Nf6 2. c4 g6 3. b4 Bg7 4. Bb2 O-O 5. g3 b6 6. Bg2 Bb7 7. O-O d6 8.
d4 Nbd7 9. Nc3 Rb8 10. d5 c6 11. Nd4 c5 12. Nc6 Bxc6 13. dxc6 Ne5 14. Qb3
cxb4 15. Nb5 Ne8 16. Nxa7 Nxc4 17. Bxg7 Na5 18. Qxb4 Nxg7 19. Rfc1 Ne8 20.
Nb5 Nc7 21. Nd4 d5 22. Nb3 Na6 23. Qd4 e6 24. Nxa5 bxa5 25. e4 Nc7 26. exd5
exd5 27. Rab1 Qd6 28. Rb7 Ra8 29. Qb6 Rfc8 30. Bh3 f5 31. Bg2 Ne6 32. Qb3
Nc7 33. h4 Re8 34. Qb6 Re7 35. Rb8+ Rxb8 36. Qxb8+ Kg7 37. Qb6 Qb4 38. Qxb4
axb4 39. Rd1 Re6 1/2-1/2

[Event "Bunratty Masters 2009"]
[Site "Bunratty IRL"]
[Date "2009.02.21"]
[Round "3"]
[White "Tsaboshvili, Lasha"]
[Black "Kilpatrick, Callum"]
[Result "1/2-1/2"]
[WhiteElo "2014"]
[BlackElo "2211"]
[WhiteNationality "GEO"]
[BlackNationality "ENG"]
[WhiteFideId "13603345"]
[BlackFideId "414425"]
[PlyCount "81"]
[EventDate "2009.02.20"]
[Source "TWIC 746"]

{ Event information: <a
href="http://www.irlchess.com/bunratty2009_allfiles/pairings_bunratty2009.html">Tournament
report</a>. }

1. d4 Nf6 2. Nf3 g6 3. g3 Bg7 4. Bg2 O-O 5. O-O d6 6. b3 Nbd7 7. Bb2 e5 8.
dxe5 Ng4 9. Nbd2 Ngxe5 10. Qc1 Re8 11. e3 Qe7 12. a4 h5 13. Bd4 Nxf3+ 14.
Nxf3 Ne5 15. Qb2 Nxf3+ 16. Bxf3 Be5 17. Bxe5 dxe5 18. Qc3 h4 19. e4 Bh3 20.
Rfd1 c6 21. Rd2 hxg3 22. fxg3 Rad8 23. Rad1 Rxd2 24. Qxd2 Qc5+ 25. Qf2
Qxf2+ 26. Kxf2 Be6 27. h4 Kf8 28. h5 gxh5 29. Bxh5 Ke7 30. Be2 Rh8 31. Kg2
a5 32. g4 Rd8 33. Rxd8 Kxd8 34. Kg3 Ke7 35. Kh4 Kd6 36. Bd1 Kc5 37. c3 b5
38. Kg5 bxa4 39. bxa4 Kc4 40. Kf6 Kxc3 41. Kxe5 { ... } 1/2-1/2

[Event "Bunratty Masters 2009"]
[Site "Bunratty IRL"]
[Date "2009.02.21"]
[Round "3"]
[White "Wallace, Paul"]
[Black "Mendelson, Andrew"]
[Result "1/2-1/2"]
[WhiteElo "2254"]
[BlackElo "2114"]
[WhiteICU "2207"]
[WhiteClub "Lichfield ENG"]
[BlackClub "Dublin"]
[WhiteNationality "IRL"]
[BlackNationality "RSA"]
[WhiteFideId "2500892"]
[BlackFideId "14300109"]
[PlyCount "91"]
[EventDate "2009.02.20"]
[Source "TWIC 746"]

{ Event information: <a
href="http://www.irlchess.com/bunratty2009_allfiles/pairings_bunratty2009.html">Tournament
report</a>. }

1. e4 c6 2. Nc3 d5 3. Nf3 Bg4 4. h3 Bh5 5. Be2 e6 6. O-O Nf6 7. exd5 cxd5
8. d4 Be7 9. Ne5 Bxe2 10. Qxe2 Nc6 11. Rd1 O-O 12. Bf4 Qb6 13. Qb5 Qxb5 14.
Nxb5 Rfc8 15. Nf3 Ne4 16. a4 a6 17. Na3 Na5 18. c3 Nb3 19. Ra2 g5 20. Bd2
b5 21. Nc2 bxa4 22. Rxa4 a5 23. Na1 Rcb8 24. Nxb3 Rxb3 25. Ra2 Rab8 26. Bc1
R3b5 27. Ne1 Nd6 28. Nd3 Nc4 29. Kf1 f6 30. Re1 Kf7 31. Re2 Bd6 32. g3 Re8
33. f4 gxf4 34. gxf4 Rg8 35. Rg2 Rxg2 36. Kxg2 Kg6 37. Kf3 Kf5 38. Ra4 Rb7
39. b4 axb4 40. cxb4 h5 41. Be3 e5 42. fxe5 fxe5 43. dxe5 Nxe5+ 44. Nxe5
Bxe5 45. Bc5 h4 46. Ra7 { ... } 1/2-1/2

[Event "Bunratty Masters 2009"]
[Site "Bunratty IRL"]
[Date "2009.02.21"]
[Round "4"]
[White "Baburin, Alexander"]
[Black "Hunt, Adam"]
[Result "1/2-1/2"]
[WhiteTitle "GM"]
[BlackTitle "IM"]
[WhiteElo "2541"]
[BlackElo "2431"]
[WhiteICU "2536"]
[WhiteClub "Kilkenny"]
[WhiteNationality "IRL"]
[BlackNationality "ENG"]
[WhiteFideId "2500914"]
[BlackFideId "403970"]
[PlyCount "68"]
[EventDate "2009.02.20"]
[Source "TWIC 746"]

{ Event information: <a
href="http://www.irlchess.com/bunratty2009_allfiles/pairings_bunratty2009.html">Tournament
report</a>. }

1. d4 Nf6 2. Nf3 g6 3. g3 Bg7 4. Bg2 O-O 5. O-O d5 6. c4 dxc4 7. Na3 c3 8.
bxc3 c5 9. e3 Nc6 10. Qe2 Bf5 11. Rd1 Be4 12. Bb2 Qb6 13. Nc4 Qa6 14. Bf1
cxd4 15. cxd4 Na5 16. Nce5 Qxe2 17. Bxe2 Rfd8 18. Nd2 Bd5 19. Ba3 Bf8 20.
f3 Be6 21. Bb4 Nc6 22. Nxc6 bxc6 23. Nb3 Bxb3 24. axb3 Rdb8 25. Bd2 Rxb3
26. Ra6 Bh6 27. e4 Bxd2 28. Rxd2 Rb6 29. Rc2 Rxa6 30. Bxa6 Rd8 31. Rc4 Nd7
32. Kf2 e5 33. dxe5 Nxe5 34. Rc2 Nd3+ 1/2-1/2

[Event "Bunratty Masters 2009"]
[Site "Bunratty IRL"]
[Date "2009.02.21"]
[Round "4"]
[White "Cooper, Lawrence"]
[Black "McPhillips, Karl"]
[Result "0-1"]
[WhiteTitle "IM"]
[WhiteElo "2313"]
[BlackElo "2220"]
[BlackICU "2297"]
[BlackClub "T.C.D."]
[WhiteNationality "ENG"]
[BlackNationality "IRL"]
[WhiteFideId "401536"]
[BlackFideId "2501503"]
[PlyCount "70"]
[EventDate "2009.02.20"]
[Source "TWIC 746"]

{ Event information: <a
href="http://www.irlchess.com/bunratty2009_allfiles/pairings_bunratty2009.html">Tournament
report</a>. }

1. e4 c5 2. Nf3 Nc6 3. d4 cxd4 4. Nxd4 g6 5. c4 Bg7 6. Be3 Nf6 7. Nc3 Ng4
8. Qxg4 Nxd4 9. Qd1 Ne6 10. Qd2 Qa5 11. Rc1 b6 12. Be2 Bb7 13. f3 g5 14.
O-O Be5 15. Rfd1 Rd8 16. a3 Bf4 17. Bxf4 gxf4 18. Nb5 Qxd2 19. Rxd2 a6 20.
Nc3 Nc5 21. Bd1 e5 22. g3 Ne6 23. Ne2 Ke7 24. gxf4 exf4 25. Kf2 Rhg8 26.
Nd4 Nxd4 27. Rxd4 Rg5 28. Ba4 b5 29. cxb5 axb5 30. Bd1 Rdg8 31. Be2 Rg2+
32. Ke1 Rxh2 33. Kd2 Rg3 34. Rf1 b4 35. Kd1 Rxe2 0-1

[Event "Bunratty Masters 2009"]
[Site "Bunratty IRL"]
[Date "2009.02.21"]
[Round "4"]
[White "Heidenfeld, Mark"]
[Black "Williams, Simon"]
[Result "1/2-1/2"]
[WhiteTitle "IM"]
[BlackTitle "GM"]
[WhiteElo "2367"]
[BlackElo "2507"]
[WhiteICU "2391"]
[WhiteNationality "IRL"]
[BlackNationality "ENG"]
[WhiteFideId "2500990"]
[BlackFideId "404454"]
[PlyCount "56"]
[EventDate "2009.02.20"]
[Source "TWIC 746"]

{ Event information: <a
href="http://www.irlchess.com/bunratty2009_allfiles/pairings_bunratty2009.html">Tournament
report</a>. }

1. e4 c5 2. Nf3 d6 3. d4 cxd4 4. Qxd4 Nc6 5. Bb5 Bd7 6. Bxc6 bxc6 7. O-O e5
8. Qd3 Be7 9. c4 Qc7 10. Nc3 h6 11. Be3 Nf6 12. c5 dxc5 13. Na4 O-O 14.
Bxc5 Bxc5 15. Nxc5 Bg4 16. Qc3 Rfe8 17. Rfd1 Qb6 18. Rd3 Bxf3 19. Rxf3 Rad8
20. Re1 Rd4 21. Rd3 Red8 22. Red1 Rxd3 23. Rxd3 Rxd3 24. Nxd3 Nxe4 25. Qxe5
Nf6 26. h3 Qa6 27. Qb8+ Kh7 28. Qb3 Nd5 1/2-1/2

[Event "Bunratty Masters 2009"]
[Site "Bunratty IRL"]
[Date "2009.02.21"]
[Round "4"]
[White "Jones, Gawain"]
[Black "Lalic, Bogdan"]
[Result "1/2-1/2"]
[WhiteTitle "GM"]
[BlackTitle "GM"]
[WhiteElo "2540"]
[BlackElo "2537"]
[WhiteNationality "ENG"]
[BlackNationality "CRO"]
[WhiteFideId "409561"]
[BlackFideId "409081"]
[PlyCount "40"]
[EventDate "2009.02.20"]
[Source "TWIC 746"]
[BlackFullName "Lali&#263;, Bogdan"]

{ Event information: <a
href="http://www.irlchess.com/bunratty2009_allfiles/pairings_bunratty2009.html">Tournament
report</a>. }

1. e4 e5 2. d4 exd4 3. Nf3 Nc6 4. Nxd4 Nf6 5. Nxc6 bxc6 6. e5 Qe7 7. Qe2
Nd5 8. c4 Nb6 9. Nc3 a5 10. Qe4 g6 11. Bd3 Bg7 12. O-O O-O 13. Bf4 a4 14.
Rac1 Ba6 15. Qe2 Rfe8 16. Rfe1 f6 17. exf6 Qxe2 18. Nxe2 Bxf6 19. Bxc7 Nd5
20. Bd6 Bxb2 1/2-1/2

[Event "Bunratty Masters 2009"]
[Site "Bunratty IRL"]
[Date "2009.02.21"]
[Round "4"]
[White "Kilpatrick, Callum"]
[Black "Wallace, Paul"]
[Result "1-0"]
[WhiteElo "2211"]
[BlackElo "2254"]
[BlackICU "2207"]
[BlackClub "Lichfield ENG"]
[WhiteNationality "ENG"]
[BlackNationality "IRL"]
[WhiteFideId "414425"]
[BlackFideId "2500892"]
[PlyCount "83"]
[EventDate "2009.02.20"]
[Source "TWIC 746"]

{ Event information: <a
href="http://www.irlchess.com/bunratty2009_allfiles/pairings_bunratty2009.html">Tournament
report</a>. }

1. e4 e5 2. Nf3 Nc6 3. Bb5 Bc5 4. c3 Nf6 5. O-O Bb6 6. d4 O-O 7. Bg5 h6 8.
Bh4 d6 9. Qd3 Qe7 10. Nbd2 Nb8 11. Rfe1 c6 12. Bc4 Nbd7 13. a4 Re8 14. a5
Bc7 15. Qc2 Nf8 16. a6 b6 17. Bxf6 Qxf6 18. d5 c5 19. Bb5 Rd8 20. Re3 Ng6
21. g3 Ne7 22. Nh4 g6 23. Nc4 Qg7 24. f3 f5 25. Ng2 Rf8 26. Ree1 g5 27.
exf5 Bxf5 28. Qe2 Rad8 29. Nge3 Bc8 30. Rf1 Rf7 31. Rf2 Rdf8 32. Nd2 Kh8
33. Ne4 Ng8 34. Bd3 Bd7 35. Raf1 Nf6 36. Nxf6 Rxf6 37. Kg2 Qf7 38. h3 h5
39. b4 Bc8 40. g4 h4 41. Bf5 Bxf5 42. gxf5 { ... } 1-0

[Event "Bunratty Masters 2009"]
[Site "Bunratty IRL"]
[Date "2009.02.21"]
[Round "4"]
[White "Lopez, Alex"]
[Black "Baker, Chris W."]
[Result "1-0"]
[WhiteTitle "FM"]
[BlackTitle "IM"]
[WhiteElo "2367"]
[BlackElo "2351"]
[WhiteICU "2377"]
[WhiteNationality "IRL"]
[BlackNationality "ENG"]
[WhiteFideId "2501430"]
[BlackFideId "401676"]
[PlyCount "61"]
[EventDate "2009.02.20"]
[Source "TWIC 746"]

{ Event information: <a
href="http://www.irlchess.com/bunratty2009_allfiles/pairings_bunratty2009.html">Tournament
report</a>. }

1. Nf3 e6 2. g3 b6 3. Bg2 Bb7 4. d3 Nf6 5. O-O Be7 6. e4 d6 7. c4 O-O 8.
Nc3 c5 9. h3 Nc6 10. g4 Rc8 11. Bf4 a6 12. Qd2 Qc7 13. Rae1 Rfd8 14. g5 Nd7
15. Bg3 Nf8 16. Nh4 Nd4 17. f4 b5 18. f5 b4 19. Ne2 Nxe2+ 20. Rxe2 exf5 21.
exf5 Bxg2 22. Nxg2 Rd7 23. f6 Bd8 24. Ne3 Ne6 25. Nd5 Qb7 26. Qe1 Ba5 27.
Rxe6 fxe6 28. Qxe6+ Kh8 29. Ne7 Rf8 30. fxg7+ Kxg7 31. Qh6+ 1-0

[Event "Bunratty Masters 2009"]
[Site "Bunratty IRL"]
[Date "2009.02.21"]
[Round "4"]
[White "Orr, Mark J. L."]
[Black "McCabe, Darren"]
[Result "1-0"]
[WhiteTitle "IM"]
[WhiteElo "2249"]
[BlackElo "2009"]
[WhiteICU "2187"]
[BlackICU "1897"]
[WhiteClub "Wandering Dragons SCO"]
[BlackClub "Rathmines"]
[WhiteNationality "IRL"]
[BlackNationality "IRL"]
[WhiteFideId "2500035"]
[BlackFideId "2500760"]
[PlyCount "43"]
[EventDate "2009.02.20"]
[Source "TWIC 746"]

{ Event information: <a
href="http://www.irlchess.com/bunratty2009_allfiles/pairings_bunratty2009.html">Tournament
report</a>. }

1. d4 c5 2. d5 g6 3. e4 Bg7 4. Nc3 d6 5. Be2 Nf6 6. Nf3 Nbd7 7. O-O O-O 8.
h3 a6 9. a4 Rb8 10. Re1 Ne8 11. Nd2 Nc7 12. a5 f5 13. exf5 Rxf5 14. Nde4
Nf6 15. Ng3 Nfxd5 16. Nxf5 Nxc3 17. Nh6+ Kf8 18. bxc3 Bxc3 19. Bd2 Bxa1 20.
Qxa1 e5 21. f4 Qf6 22. fxe5 1-0

[Event "Bunratty Masters 2009"]
[Site "Bunratty IRL"]
[Date "2009.02.21"]
[Round "4"]
[White "Osborne, Sam"]
[Black "Moran, Stephen"]
[Result "1/2-1/2"]
[WhiteElo "2020"]
[BlackElo "1971"]
[WhiteICU "2055"]
[BlackICU "1912"]
[BlackClub "T.C.D."]
[WhiteNationality "IRL"]
[BlackNationality "IRL"]
[WhiteFideId "2501791"]
[BlackFideId "2501872"]
[PlyCount "90"]
[EventDate "2009.02.20"]
[Source "TWIC 746"]

{ Event information: <a
href="http://www.irlchess.com/bunratty2009_allfiles/pairings_bunratty2009.html">Tournament
report</a>. }

1. e4 e6 2. d4 d5 3. Nc3 Bb4 4. e5 c5 5. a3 Bxc3+ 6. bxc3 Ne7 7. Qg4 O-O 8.
Bd3 Nbc6 9. Nf3 f5 10. exf6 Rxf6 11. Bg5 e5 12. Qh4 e4 13. Bxf6 gxf6 14.
Qxf6 Qf8 15. Qxf8+ Kxf8 16. dxc5 exd3 17. cxd3 Bf5 18. Kd2 Rc8 19. Rhe1 Ng6
20. g3 h5 21. Rab1 Rc7 22. Rb2 Kf7 23. Ng5+ Kf6 24. f4 Bd7 25. Nf3 Bg4 26.
Re3 Bxf3 27. Rxf3 Kf5 28. h3 Nge7 29. Rb1 Ng8 30. Rg1 Nf6 31. Re3 Rg7 32.
Ke2 Rg8 33. Kf3 d4 34. cxd4 Nxd4+ 35. Kf2 Nc6 36. Rge1 Rd8 37. Kf3 Rd5 38.
Rb1 Rd7 39. Rg1 Rg7 40. Ree1 Nd4+ 41. Kf2 Nc6 42. Rg2 Rd7 43. Ke3 Nd5+ 44.
Kd2 Nf6 45. Rb1 Re7 1/2-1/2

[Event "Bunratty Masters 2009"]
[Site "Bunratty IRL"]
[Date "2009.02.21"]
[Round "4"]
[White "Oswald, David"]
[Black "Delaney, Rory"]
[Result "0-1"]
[WhiteElo "1998"]
[BlackElo "1921"]
[BlackICU "1827"]
[BlackClub "T.C.D."]
[WhiteNationality "SCO"]
[BlackNationality "IRL"]
[WhiteFideId "2461285"]
[BlackFideId "2502208"]
[PlyCount "90"]
[EventDate "2009.02.20"]
[Source "TWIC 746"]

{ Event information: <a
href="http://www.irlchess.com/bunratty2009_allfiles/pairings_bunratty2009.html">Tournament
report</a>. }

1. e4 Nf6 2. e5 Nd5 3. Nc3 Nxc3 4. dxc3 d5 5. Bf4 g6 6. Qd2 Bg7 7. O-O-O c6
8. Kb1 a5 9. Re1 Na6 10. Bh6 Bxh6 11. Qxh6 Qb6 12. Nh3 Bxh3 13. Qxh3 e6 14.
Qh4 Nc5 15. Re3 Ne4 16. Ka1 g5 17. Qh5 Nxf2 18. Rf3 Rf8 19. Rxf2 Qxf2 20.
Bd3 Qxg2 21. Rf1 O-O-O 22. a3 c5 23. Rxf7 c4 24. Bxh7 Rxf7 25. Qxf7 Qh3 26.
Bg8 Qf5 27. Qxe6+ Qxe6 28. Bxe6+ Kc7 29. Bg4 Re8 30. e6 Kd6 31. Kb1 Rf8 32.
h3 Rf1+ 33. Ka2 Rf4 34. e7 Kxe7 35. Bc8 b6 36. b3 Kd6 37. Kb2 Ke5 38. b4
Rh4 39. Bd7 Kf4 40. Be6 Kg3 41. Bxd5 Kxh3 42. Kc1 g4 43. Bxc4 g3 44. Bf1+
Kh2 45. c4 Rxc4 0-1

[Event "Bunratty Masters 2009"]
[Site "Bunratty IRL"]
[Date "2009.02.21"]
[Round "4"]
[White "Wall, Gavin"]
[Black "Tsaboshvili, Lasha"]
[Result "1-0"]
[WhiteTitle "IM"]
[WhiteElo "2302"]
[BlackElo "2014"]
[WhiteICU "2280"]
[WhiteNationality "IRL"]
[BlackNationality "GEO"]
[WhiteFideId "2501244"]
[BlackFideId "13603345"]
[PlyCount "61"]
[EventDate "2009.02.20"]
[Source "TWIC 746"]

{ Event information: <a
href="http://www.irlchess.com/bunratty2009_allfiles/pairings_bunratty2009.html">Tournament
report</a>. }

1. e4 e5 2. Nf3 d6 3. d4 exd4 4. Nxd4 Nf6 5. Nc3 Be7 6. g3 O-O 7. Bg2 Nc6
8. O-O Bg4 9. f3 Nxd4 10. Qxd4 Bd7 11. Bf4 Bc6 12. Rad1 Nd7 13. Nd5 Bxd5
14. Qxd5 Rb8 15. Bh3 Nb6 16. Qa5 a6 17. e5 d5 18. b3 Bg5 19. Bxg5 Qxg5 20.
f4 Qd8 21. c4 c6 22. f5 Qc7 23. f6 Na8 24. Qc3 Rbd8 25. Qe3 h6 26. fxg7
Kxg7 27. Rf6 Rh8 28. Rdf1 Rdf8 29. Qf4 dxc4 30. Be6 Qe7 31. Qg4+ 1-0

[Event "Bunratty Masters 2009"]
[Site "Bunratty IRL"]
[Date "2009.02.21"]
[Round "4"]
[White "Yurenok, Maria"]
[Black "Fox, Anthony"]
[Result "1/2-1/2"]
[WhiteTitle "WFM"]
[WhiteElo "2035"]
[BlackElo "2085"]
[BlackICU "2091"]
[BlackClub "Dun Laoghaire"]
[WhiteNationality "ENG"]
[BlackNationality "IRL"]
[WhiteFideId "409359"]
[BlackFideId "2500736"]
[PlyCount "61"]
[EventDate "2009.02.20"]
[Source "TWIC 746"]

{ Event information: <a
href="http://www.irlchess.com/bunratty2009_allfiles/pairings_bunratty2009.html">Tournament
report</a>. }

1. d4 d5 2. Nf3 Nf6 3. Bg5 e6 4. e3 Be7 5. Bd3 Nbd7 6. O-O c5 7. c4 dxc4 8.
Bxc4 O-O 9. Nc3 a6 10. Ne5 Nxe5 11. dxe5 Nd7 12. Bxe7 Qxe7 13. f4 b5 14.
Bd3 Bb7 15. Qh5 g6 16. Qh6 f6 17. Ne4 c4 18. Bc2 Bxe4 19. Bxe4 Rad8 20. Qh4
Nc5 21. exf6 Qxf6 22. Qxf6 Rxf6 23. Bc2 Rd2 24. Rf2 Rxf2 25. Kxf2 e5 26. g3
Rd6 27. Ke2 exf4 28. gxf4 Kg7 29. Rd1 Rxd1 30. Kxd1 Kf6 31. Kd2 1/2-1/2

[Event "Bunratty Masters 2009"]
[Site "Bunratty IRL"]
[Date "2009.02.22"]
[Round "5"]
[White "Benson, Oisin P."]
[Black "Tsaboshvili, Lasha"]
[Result "0-1"]
[WhiteElo "1957"]
[BlackElo "2014"]
[WhiteICU "1951"]
[WhiteClub "St. Benildus"]
[WhiteNationality "IRL"]
[BlackNationality "GEO"]
[WhiteFideId "2501821"]
[BlackFideId "13603345"]
[PlyCount "68"]
[EventDate "2009.02.20"]
[Source "TWIC 746"]
[WhiteFullName "Benson, Ois&iacute;n P."]

{ Event information: <a
href="http://www.irlchess.com/bunratty2009_allfiles/pairings_bunratty2009.html">Tournament
report</a>. }

1. d4 d5 2. c4 e6 3. Nc3 Nf6 4. cxd5 exd5 5. Bg5 Be7 6. e3 O-O 7. Bd3 c6 8.
Qc2 h6 9. Bf4 Bd6 10. Bg3 Bg4 11. Bxd6 Qxd6 12. h3 Be6 13. O-O-O a5 14. g4
Na6 15. a3 b5 16. Na2 b4 17. Bxa6 Rxa6 18. Qe2 c5 19. a4 Bd7 20. dxc5 Qxc5+
21. Kb1 Bxa4 22. Rc1 Qb5 23. Qe1 Bb3 24. Rc7 Bxa2+ 25. Kxa2 Qa4+ 26. Kb1 b3
27. f3 Qa2+ 28. Kc1 Qa1+ 29. Kd2 Qxb2+ 30. Kd3 Qe5 31. Rc3 a4 32. Ne2 b2
33. h4 a3 34. g5 a2 0-1

[Event "Bunratty Masters 2009"]
[Site "Bunratty IRL"]
[Date "2009.02.22"]
[Round "5"]
[White "Delaney, Rory"]
[Black "Orr, Mark J. L."]
[Result "1/2-1/2"]
[BlackTitle "IM"]
[WhiteElo "1921"]
[BlackElo "2249"]
[WhiteICU "1827"]
[BlackICU "2187"]
[WhiteClub "T.C.D."]
[BlackClub "Wandering Dragons SCO"]
[WhiteNationality "IRL"]
[BlackNationality "IRL"]
[WhiteFideId "2502208"]
[BlackFideId "2500035"]
[PlyCount "74"]
[EventDate "2009.02.20"]
[Source "TWIC 746"]

{ Event information: <a
href="http://www.irlchess.com/bunratty2009_allfiles/pairings_bunratty2009.html">Tournament
report</a>. }

1. c4 e6 2. Nc3 d5 3. d4 Be7 4. Nf3 Nf6 5. e3 O-O 6. Be2 b6 7. O-O Bb7 8.
b3 Nbd7 9. a4 c5 10. Ba3 Rc8 11. Qd2 Ne4 12. Qb2 Nxc3 13. Qxc3 cxd4 14.
Nxd4 Bxa3 15. Rxa3 e5 16. Nb5 Qe7 17. Qb2 a6 18. Nc3 d4 19. exd4 exd4 20.
Nd5 Bxd5 21. cxd5 a5 22. Raa1 Qb4 23. Rad1 Rc3 24. Bb5 Nc5 25. d6 Ne6 26.
d7 Rxb3 27. Qe2 Rb2 28. Qc4 Qxc4 29. Bxc4 Rd8 30. Bxe6 fxe6 31. Rxd4 Kf7
32. Re1 Rb4 33. Rd6 Rxa4 34. Rxb6 Rxd7 35. Rbxe6 Ra2 36. R6e3 h6 37. h4 g6
1/2-1/2

[Event "Bunratty Masters 2009"]
[Site "Bunratty IRL"]
[Date "2009.02.22"]
[Round "5"]
[White "Fox, Anthony"]
[Black "Moran, Stephen"]
[Result "1/2-1/2"]
[WhiteElo "2085"]
[BlackElo "1971"]
[WhiteICU "2091"]
[BlackICU "1912"]
[WhiteClub "Dun Laoghaire"]
[BlackClub "T.C.D."]
[WhiteNationality "IRL"]
[BlackNationality "IRL"]
[WhiteFideId "2500736"]
[BlackFideId "2501872"]
[PlyCount "26"]
[EventDate "2009.02.20"]
[Source "TWIC 746"]

{ Event information: <a
href="http://www.irlchess.com/bunratty2009_allfiles/pairings_bunratty2009.html">Tournament
report</a>. }

1. e4 e6 2. Nc3 d5 3. Nf3 Nf6 4. e5 Nfd7 5. d4 c5 6. dxc5 Nc6 7. Bf4 Bxc5
8. Bd3 a6 9. Qe2 b5 10. O-O h6 11. Rad1 Qc7 12. Bg3 Nb6 13. Rfe1 Bb7
1/2-1/2

[Event "Bunratty Masters 2009"]
[Site "Bunratty IRL"]
[Date "2009.02.22"]
[Round "5"]
[White "Heinrich, Jan"]
[Black "Sreeves, Clement"]
[Result "0-1"]
[WhiteElo "2133"]
[BlackElo "1982"]
[WhiteNationality "SVK"]
[BlackNationality "SCO"]
[WhiteFideId "14902060"]
[BlackFideId "2402564"]
[PlyCount "56"]
[EventDate "2009.02.20"]
[Source "TWIC 746"]

{ Event information: <a
href="http://www.irlchess.com/bunratty2009_allfiles/pairings_bunratty2009.html">Tournament
report</a>. }

1. d4 f5 2. c4 Nf6 3. Nf3 e6 4. g3 Be7 5. Bg2 O-O 6. O-O d6 7. Nc3 Ne4 8.
Qc2 Nxc3 9. Qxc3 a5 10. b3 Bf6 11. Bb2 Nc6 12. Qd2 e5 13. d5 Ne7 14. e3 Ng6
15. Rfd1 f4 16. exf4 exf4 17. Re1 Bg4 18. Nd4 fxg3 19. hxg3 Bg5 20. f4 Nxf4
21. gxf4 Bxf4 22. Qc2 Qh4 23. Be4 Qg5 24. Qg2 Be3+ 25. Rxe3 Qxe3+ 26. Kh1
Rf2 27. Nf5 Qf4 28. Bc1 Rf1+ 0-1